00632nam a2200133Ia 4500008004100000020002200041041001200063100011500075245003300190260003200223440003800255650002100293650018400314231221s9999 xx 000 0 und d a978-3-540-30567-5 aEnglish aStefano Spaccapietra, Elisa Bertino, Sushil Jajodia, Roger King, Dennis McLeod, Maria E. Orlowska, Leon Strous 0aJournal on Data Semantics II c2005bSpringer USaNew York aLecture Notes in Computer Science aComputer Science aDatabase Management; Information Storage and Retrieval; Artificial Intelligence (incl. Robotics); Information Systems Applications (incl.Internet); Computer Communication Networks